Culture Générale - Série 1682 - Statistiques

Statistiques générales
  • Ce quiz a été pris 85 fois
  • Le résultat moyen est 7 sur 10
Statistiques - réponses
Question Réponse % Correct
Si la personne chargée des soins portés aux mains est appelée "manucure", comment appelle-t-on celle qui se charge spécifiquement des soins des pieds ? pédicure
98%
La devise de la ville de Nancy est : "Qui s'y frotte... s'y pique
96%
De quel pays le poisson appelé "fugu" est-il une spécialité culinaire particulièrement prisée ? Japon
91%
Dans une discothèque, que signifie le "P" du "carré V.I.P." ? Personne
88%
Comment s'appelle le docteur, collègue et ami de Sherlock Holmes ? Watson
85%
Quel effet immédiat et automatique du corps humain peut être "naturel", "rotulien" ou "conditionné" d'après Pavlov ? réflexe
80%
En 2009, quelle actrice française, prénommée Mélanie, interprète Shosanna aux côtés de Brad Pitt dans le film "Inglorious Basterds" ? Mélanie Laurent
54%
Quelles habitantes de Flandre ont donné leur nom au titre d'une célèbre chanson de Jacques Brel en 1959 ? Les Flamandes
49%
Quel acteur, membre de la fameuse "7e compagnie", incarne Paul Volfoni dans "Les Tontons flingueurs" ? Jean Lefebvre
48%
Quel État américain est situé entre la Géorgie et le Mississippi ? Alabama
44%
Aucun quiz correspondant
Distribution des résultats
% des personnes avec chaque résultat
Percentile par nombre de réponses
Votre historique - résultats
Vous n’avez pas pris ce quiz